000 01468nam0a22003251 4500
001 RU\INFOCOMM_318\NLR\5000072852
005 20250630144635.0
035 _a(NLR Aleph) 009443757
090 _a8361473
_c8361473
100 _a20121126d1985 |||y0rusy50 ca
101 1 _aeng
_crus
102 _aRU
105 _ay z |||||
200 1 _aImpressionist and post-impressionists in Soviet museums
_e[An album
_fIntrod. art by Marina Bessonova
_gNotes by Anna Barskaya et al.
_gTransl. from the Russ. by Yuri Pamfolov]
210 _aL.
_cAurora
_d1985
215 _a407 с.
_cцв. ил., портр.
_d33 см
300 _aВ вып. дан. на наклейке: Импрессионисты и постимпрессионисты в музеях Советского Союза : Альбом / Авт. вступ. статьи Марина Александровна Бессонова
320 _aБиблиогр.: с. 402-405
606 _aЖивопись, французская
_xСобрания
_yСССР
_z19-20 в.
_2nlr_sh1
620 _aСанкт-Петербург
686 _aЩ143(4Фр)5л61
_2rubbk
686 _aЩ101.3(2)
_2rubbk
702 1 _aBessonova
_bM. A.
_gMarina Aleksandrovna
_4080
702 1 _9z01790
_aBarskaja
_bA. G.
_f1909-
_gAnna Grigor'evna
_4212
790 1 _9z01702
_aBarskaya
_bA.
_gAnna
_4212
801 1 _aRU
_bNLR
_c20121126
801 0 _aRU
_bINFOCOMM
_gPSBO
852 _aNLR
_jЭ АлИс465-67/2-11
942 _cBOOK
980 _aNB